000 05750cam a2200421 a 4500
001 ocn231787070
003 Co-BoUCM
005 20180118154103.0
008 171127s2008 moua b 001 0 eng d
015 _aGBA815229
_2bnb
016 7 _a101474157
_2DNLM
016 7 _a014513556
_2Uk
020 _a9780323044042 (3a.Ed.)
020 _a0323044042
029 1 _aAU@
_b000043603757
029 1 _aAU@
_b000045814054
029 1 _aDEBBG
_bBV035033097
029 1 _aNLM
_b101474157
035 _a(OCoLC)231787070
_z(OCoLC)191890556
_z(OCoLC)228193643
040 _aCo-BoUCM
_beng
_cSaul Niño
_dSaul Niño
041 _aeng
060 1 0 _aQW 504
245 0 0 _aClinical immunology
_bprinciples and practice
_cedited by Robert R. Rich ... [y otros]
250 _aTercera edición
260 _aSt. Louis, Mo
_bMosby Elsevier
_c2008
300 _axxxiv, 1578 páginas
_bilustraciones
505 0 _aThe human response system -- Organization of the immune system -- Innate immunity -- Antigen receptor genes, gene products, and co-receptors -- The major histocompatibility complex -- Antigens and antigen processing -- Antigen-presenting cells and antigen presentation -- B-cell development and differentiation -- T-cell development -- Cytokines and cytokine receptors -- Chemokines and chemokine receptors -- Lymphocyte adhesion and trafficking -- T-cell activation and tolerance -- Programmed cell death in lymphocytes -- Immunoglobulin function -- Regulatory T cells -- Helper T-cell subsets and control of the inflammatory response -- Cytotoxic lymphocyte function and natural killer cells -- Host defenses at mucosal surfaces -- Complement and complement deficiencies -- Phagocyte deficiencies -- Mast cells, basophils and mastocytosis -- Eosinophils and eosinophilia -- Immune response to extracellular bacteria -- Immune responses to intracellular bacteria -- Immune responses to spirochetes -- Immune responses to viruses -- Immune responses to protozoans -- Immune responses to helminths -- Evaluation of the immunodeficient patient -- Infections in the immunocompromised host -- Development of the fetal and neonatal immune system -- Aging and the immune system -- Primary antibody deficiencies -- Primnary T-cell immunodeficiencies -- Inherited disorders of IFN-g-, IFN-a/b-, and NF-kB-mediated immunity -- HIV infection and acquired immunodeficiency syndrome -- Immunodeficiency due to congenital, metabolic, infectious, surgical, and environmental factors -- Pathogenesis of asthma -- Management of the asthmatic patient -- Rhinitis and sinusitis -- Urticaria, angiodema, and anaphylaxis -- Allergic reactions to stinging and biting insects -- Atopic and contact dermatitis -- Food allergy -- Eosinophil-associated gastrointestinal disorders (EGID) -- Allergic disorders of the eye -- Durg hypersensitivity -- Occupational and environmental allergic disorders -- Mechanisms of autoimmunity.
505 0 _aSystem lupus erythematosus -- Rheumatoid arthritis -- Juvenile idiopathic arthritis -- Sjogren's syndröme -- Systemic sclerosis -- Inflammatory muscle disease -- Spondyloarthritis -- Small- and medium-vessel primary vasculitis -- Large-vessel vasculitides -- Autoinflammatory fever syndromes -- Antiphospholipid syndrome -- Immunohematologic disorders -- Bullous diseases of the skin and mucous membranes -- Myasthenia gravis -- Multiple sclerosis -- Autoimmune peripheral neuropathies -- Immunology renal diseases -- Inflammation and atherothrombosis -- Autoimmune thyroid diseases -- Diabetes and related autoimmune diseases -- Immunologic lung diseases -- Sarcoidosis -- Immunologic ocular disease -- Immunologic disease of the gastrointestinal tract -- Inflammatory hepatobiliary cirrhosis -- Lymphoid leukemias -- Lymphomas including Hodkin lymphoma -- Monoclonal gammopathies -- Tumor immunology and immunotherapy -- Concepts and challenges in transplantation: rejection, immunosuppression and tolerance -- Challenges and potentials of xenotransplantation -- Hematopoietic stem cell transplantation for malignant diseases -- Stem cell transplantation and immune reconstitution -- thymic reconstitution -- Immunoglobulin therapy: replacement and immunomodulation -- Gene transfer therapy of immunologic diseases -- Glucocorticoids -- Nonsteroidal anti-inflammatory drugs -- Antihistamines -- Immunonodulating pharmaceuticals -- Protein kinase antagonists as therapeutic agents for immunological and inflammatory disorders -- Vaccines -- Immunotherapy of allergic disease -- Cytokine therapy -- Monoclonal antibodies and fusion proteins -- Assessment of proteins of the immune system -- Flow cytometry -- Assessment of functional immune responses -- Assessment of neutrophil function -- Assessment of human allergic diseases -- Molecular methods.
505 0 _aAppendices: Selected CD molecules and their characteristics -- Laboratory reference values -- Chemokines -- Cytokines.
520 _aThis third edition reflects the improved understanding clinical immunology, especially the nature of the molecular mechanisms underlying inflammatory responses to specific antigens. In addition to the classical diseases of the acquired immune system, this volume provides close attention to processes and diseases of inflammation and broadly a defined view of host references. The volume is enhanced by full color throughout. Clinical case photos are increased and are presented more usefully in the context of text disucssion.
546 _aTexto en inglés
650 7 _aInmunología
_917698
650 7 _aSistema inmune
_xFisiología
_924550
650 7 _aEnfermedades inmunológicas
_914418
700 1 _aRich, Robert R.
_989513
942 _2NLM
_a15
_cLIBRO
_e3
_hQW 504
_mC641i
_n0
999 _c308304
_d308304